LDR 01097naa#a2200205#i#450# 001 RU\\bibl\120224 005 20260601084845.1 011 ## _a2500-4026 100 ## _a20230930b2023####ek#y0rusy0150####ca 101 0# _aRUS 102 ## _aRU 200 1# _aРЕКОНФИГУРАЦИЯ ПЛАНИРОВАНИЯ БОЕВЫХ ДЕЙСТВИЙ ПО ТУШЕНИЮ ПОЖАРА В ЛЕЧЕБНЫХ УЧРЕЖДЕНИЯХ ПРИ ФУНКЦИОНИРОВАНИИ В УСЛОВИЯХ ПАНДЕМИИ _eЖурнальная статья 210 1# _aЖелезногорск _cФГБОУ ВО Сибирская пожарно-спасательная академия ГПС МЧС России _d2023 215 ## _a6 с. 608 ## _aЖурнальная статья _2local 675 ## _aИзвещение о пожаре. Пожарная тревога. Техника и тактика тушения пожара. Организация тушения пожара. 614.842 _zRUS 700 #1 _aСергеев _gИ Ю 700 #1 _aСамошин _gД А 700 #1 _aЛоран _gН М 856 4# _aapbt-sibpsa.editorum.ru _u